Statistics for Obfuscations of Movie Titles #2

Click here to take the quiz!

General Stats

  • This quiz has been taken 3,291 times
  • The average score is 11 of 17

Answer Stats

Obfuscation Movie % Correct
Adult male Homo sapiens composed of the element with atomic symbol FeIron Man
97%
0.5 x 102 monochromatic hues neither white nor blackFifty Shades of Grey
85%
The ability of humans to perceive the natural world that exists beyond the five
typical methods for doing so
The Sixth Sense
82%
The daughter of the monarch who is also a woman whose nuptials are pendingThe Princess Bride
80%
The firearm which is completely devoid of garmentsThe Naked Gun
75%
Visually locating the locomotivesTrainspotting
70%
Visage disfigured by a healed woundScarface
69%
My parent's sibling's child whose given name is VincentMy Cousin Vinny
65%
Insanely affluent people from east of the UralsCrazy Rich Asians
62%
Location in which the remains of companionship animals are subterraneanly interredPet Sematary
61%
Narrative concerning the objects designed for the amusement of prepubescent humansToy Story
57%
Extended military engagements of the gravitationally-bound masses of celestial plasmaStar Wars
48%
Circulatory organ whose fear response is at lower than normal levelsBraveheart
47%
The social organization devoted to the initial repast of the dayThe Breakfast Club
43%
Cycle of terrestrial rotation dedicated to the species Marmota monaxGroundhog Day
41%
The future state will include the presence of sanguinal fluidThere Will be Blood
40%
The period of unease subsequent to abnormally high C2H6O consumptionThe Hangover
29%

Score Distribution

Percentile by Number Answered

Percent of People with Each Score

Your Score History

You have not taken this quiz